| 000 | 01147nam a22003377a 4500 | ||
|---|---|---|---|
| 003 | CHAP | ||
| 005 | 20220329141728.0 | ||
| 008 | 971013s1976 r 00010 d | ||
| 010 | _a72918 | ||
| 011 | _a73890 | ||
| 035 | _a83448 | ||
| 040 | _cCHAP | ||
| 090 | _aTesis | ||
| 100 | 0 | 0 |
_aCantú Galván, José Luis. _918500 |
| 245 | _aEvaluación de 36 colectas de maíz (Zea mays L. ) criollo de las zonas bajas del estado de N. L. | ||
| 260 |
_aGeneral Escobedo, N. L. : _bEl autor, _c1976 |
||
| 300 | _a69 h. | ||
| 502 | _aTesis (Ing. Agr. Fitotecnista) -- Univ. Autónoma de Nuevo León. Fac. de Agronomía | ||
| 590 |
_aALEPH _b10 _c20130110 _lUCH01 _h1414 |
||
| 590 |
_aBATCH-UPD _b10 _c20130110 _lUCH01 _h0304 |
||
| 590 |
_aBATCH-UPD _b10 _c20130409 _lUCH01 _h2336 |
||
| 590 |
_aBATCH-UPD _b10 _c20130410 _lUCH01 _h1405 |
||
| 590 |
_aBATCH-UPD _b10 _c20130914 _lUCH01 _h0834 |
||
| 590 |
_aCONVERSION _b10 _c20130109 _lUCH01 _h1340 |
||
| 650 | 1 | 4 |
_aMaíz _xNuevo León. _971029 |
| 650 | 1 | 4 |
_aMaíz _xRendimiento. _971051 |
| 650 | 1 | 4 |
_aMaíz _xSelección masal. _971058 |
| 901 | _aBK | ||
| 942 | _cTESIS | ||
| 949 |
_bBC _cTES _d-38027 _eTS1 _i83448 _si |
||
| 999 |
_c72918 _d72918 |
||